000 00610nam a22001817a 4500
003 OSt
005 20250214175020.0
008 250214b |||||||| |||| 00| 0 eng d
040 _aCO-UDECOLOMBIA
_cCO-UDECOLOMBIA
_dCO-UDECOLOMBIA
082 0 4 _a551.48
_bR934
100 1 _aRuiz F., León
_92832
245 1 _aEl río grande de la Magdalena /
_cLeón Ruiz F.
260 3 _a[Colombia] :
_bEditorial Colina,
_bCompañía Litográfica Nacional,
_c1987.
300 _bilustracción, a color,
_c27 cm.
650 0 4 _aRíos
_92833
_zMadgalena
651 4 _aMagdalena (Colombia)
_92834
942 _2ddc
_cBK
_h551.48 R934
_n0
999 _c1956
_d1956